000 00461 a2200145 4500
999 _c9612
_d9612
050 _aKTZ2.23.A2Z56
100 _dCrozier B.D
_eeditor
245 _aZimbabwe law reports :
_b2001 Part 1 /
_cedited by BD Crozier andJ Reid Rowland
264 _aHarare:Zimbabwe:
_bLegal Resources Foundation WO41/84,
_c2001
300 _a607p. :
500 _aincludes subject index
650 _alaw report
700 _aRowland J Reid
942 _2lcc
_cSERIALS
_h2.23.A2Z56
_iFEL
_kKTZ